LEADER 04084nam 22007815 450 001 9910458974103321 005 20210111225112.0 010 $a1-283-27725-5 010 $a9786613277251 010 $a0-520-94731-2 024 7 $a10.1525/9780520947313 035 $a(CKB)2560000000058754 035 $a(EBL)656353 035 $a(OCoLC)703138055 035 $a(SSID)ssj0000469144 035 $a(PQKBManifestationID)11335226 035 $a(PQKBTitleCode)TC0000469144 035 $a(PQKBWorkID)10511119 035 $a(PQKB)10904645 035 $a(DE-B1597)519427 035 $a(OCoLC)704274152 035 $a(DE-B1597)9780520947313 035 $a(MiAaPQ)EBC656353 035 $a(EXLCZ)992560000000058754 100 $a20200424h20112011 fg 101 0 $aeng 135 $aur|n|---||||| 181 $ctxt 182 $cc 183 $acr 200 10$aField Guide to Marine Mammals of the Pacific Coast $eBaja, California, Oregon, Washington, British Columbia /$fSarah G. Allen, Joe Mortenson, Sophie Webb 210 1$aBerkeley, CA : $cUniversity of California Press, $d[2011] 210 4$d©2011 215 $a1 online resource (585 p.) 225 0 $aCalifornia Natural History Guides ;$v100 300 $aDescription based upon print version of record. 311 $a0-520-26544-0 327 $tFrontmatter -- $tCONTENTS -- $tACKNOWLEDGMENTS -- $tMARINE HABITAT PLATES -- $tINTRODUCTION -- $tSPECIES PLATES -- $tCETACEANS -- $tCARNIVORES -- $tGLOSSARY -- $tREFERENCES AND FURTHER READING -- $tART CREDITS -- $tINDEX 330 $aFrom gray whales giving birth in the lagoons of Baja California to sea otters nestled in kelp beds off California to killer whales living around Vancouver Island-this spectacular stretch of the Pacific Coast boasts one of the most abundant populations of sea mammals on earth. This handy interpretive field guide describes the 45 whales, dolphins, seals, and otters that are resident in, migrate through, or forage from Baja in Mexico to British Columbia in Canada. The guide's rich species accounts provide details on identification, natural history, distribution, and conservation. They also tell where and how these fascinating animals can best be viewed. Introductory chapters give general information on the ecology, evolution, and taxonomy of marine mammals; on the Pacific Coast's unique environment; and on the relationship between marine mammals and humans from native cultures to today. Featuring many color illustrations, photographs, drawings, and maps, this up-to-date guide illuminates a fascinating group of animals and reveals much about their mysterious lives in the ocean. 410 0$aCalifornia Natural History Guides 606 $aMarine mammals - Pacific Coast (North America) 606 $aMarine mammals -- Pacific Coast (North America) 606 $aMarine mammals -- Pacific Coast (North America) -- Identification 606 $aMarine mammals$zPacific Coast (North America)$vIdentification 606 $aMarine mammals$zPacific Coast (North America) 606 $aZoology$2HILCC 606 $aHealth & Biological Sciences$2HILCC 606 $aVertebrates$2HILCC 608 $aElectronic books. 615 4$aMarine mammals - Pacific Coast (North America). 615 4$aMarine mammals -- Pacific Coast (North America). 615 4$aMarine mammals -- Pacific Coast (North America) -- Identification. 615 0$aMarine mammals 615 0$aMarine mammals 615 7$aZoology 615 7$aHealth & Biological Sciences 615 7$aVertebrates 676 $a599.5091643 676 $a599.50979 700 $aAllen$b Sarah G., $4aut$4http://id.loc.gov/vocabulary/relators/aut$01053327 702 $aMortenson$b Joe, $4aut$4http://id.loc.gov/vocabulary/relators/aut 702 $aWebb$b Sophie, $4aut$4http://id.loc.gov/vocabulary/relators/aut 801 0$bDE-B1597 801 1$bDE-B1597 906 $aBOOK 912 $a9910458974103321 996 $aField Guide to Marine Mammals of the Pacific Coast$92485178 997 $aUNINA LEADER 03041nam 2200661Ia 450 001 996203938103316 005 20230607222201.0 010 $a1-281-81453-9 010 $a9786611814533 010 $a0-470-79255-8 010 $a0-470-37690-2 010 $a0-470-37667-8 035 $a(CKB)1000000000554856 035 $a(EBL)362148 035 $a(OCoLC)437224726 035 $a(SSID)ssj0000213530 035 $a(PQKBManifestationID)11175065 035 $a(PQKBTitleCode)TC0000213530 035 $a(PQKBWorkID)10151509 035 $a(PQKB)10226572 035 $a(MiAaPQ)EBC362148 035 $a(Au-PeEL)EBL362148 035 $a(CaPaEBR)ebr10287800 035 $a(CaONFJC)MIL181453 035 $a(EXLCZ)991000000000554856 100 $a20011009d2002 uy 0 101 0 $aeng 135 $aur|n|---||||| 181 $ctxt 182 $cc 183 $acr 200 00$aOcular tumors in animals and humans$b[electronic resource] /$fedited by Robert L. Peiffer, Jr. and Kenneth B. Simons 205 $a1st ed. 210 $aAmes $cIowa State Press$d2002 215 $a1 online resource (484 p.) 300 $aDescription based upon print version of record. 311 $a0-8138-2388-9 320 $aIncludes bibliographical references and index. 327 $aOCULAR TUMORS IN ANIMALS AND HUMANS; CONTENTS; Contributors; Foreword; Preface; Acknowledgments; 1. Orbital Tumors; 2. Eyelid Tumors; 3. Tumors of the Conjunctiva; 4. Neoplasms of the Lacrimal Drainage System; 5. Tumors of the Cornea and Sclera; 6. Iridociliary Epithelial Tumors; 7. Uveal Melanocytic Tumors; 8. Feline Ocular Sarcomas..; 9. Optic Nerve Neoplasia; 10. Retinoblastoma in Humans and Animals; 11. Metastases; 12. Ocular Lymphoid Proliferations; 13. The Phakomatoses; 14. Experimental Ocular Oncology: Animal Models; Index 330 $aThe application of evidence-based veterinary medicine (EBVM) can assist in improving and optimising the diagnosis, prognosis, control, treatment and ultimately the welfare of animals. It can also provide the user with a methodology for appropriate, patient orientated life-long, self-directed, learning. To practise evidence-based veterinary medicine we require a range of skills that we may not have. This book will explain what evidence-based veterinary medicine is and show how it can be applied to veterinary practice to improve the quality of care for patients and provide informed choices 606 $aEye$xTumors$xPathophysiology 606 $aVeterinary ophthalmology 606 $aTumors in animals 615 0$aEye$xTumors$xPathophysiology. 615 0$aVeterinary ophthalmology. 615 0$aTumors in animals. 676 $a616.99 676 $a616.99/284 676 $a616.99284 701 $aPeiffer$b Robert L$0974797 701 $aSimons$b Kenneth B$0974798 801 0$bMiAaPQ 801 1$bMiAaPQ 801 2$bMiAaPQ 906 $aBOOK 912 $a996203938103316 996 $aOcular tumors in animals and humans$92219662 997 $aUNISA LEADER 01355nas 2200433- 450 001 996206338203316 005 20230203213020.0 035 $a(OCoLC)311620866 035 $a(CKB)1000000000533416 035 $a(CONSER)--2017263049 035 $a(DE-599)ZDB2399400-9 035 $a(EXLCZ)991000000000533416 100 $a20090302a20079999 o-- - 101 0 $apor 135 $aur||||||||||| 181 $ctxt$2rdacontent 182 $cc$2rdamedia 183 $acr$2rdacarrier 200 00$aActa veterinaria brasilica /$fUniversidade Federal Rural do Semi-Árido (UFERSA) 210 1$aMossoró, RN, Brasil :$cUniversidade Federal Rural do Semi-Árido,$d[2007]- 215 $a1 online resource 300 $aRefereed/Peer-reviewed 311 $a1981-5484 531 $aACTA VET BRAS 531 0 $aActa Vet. Brasilica 606 $aVeterinary medicine$vPeriodicals 606 $aVeterinary Medicine 606 $aVeterinary medicine$2fast$3(OCoLC)fst01165977 608 $aPeriodical. 608 $aPeriodicals.$2fast 615 0$aVeterinary medicine 615 12$aVeterinary Medicine. 615 7$aVeterinary medicine. 686 $a630$a880$2zdbs 712 02$aUniversidade Federal Rural do Semi-Árido, 906 $aJOURNAL 912 $a996206338203316 996 $aActa veterinaria brasilica$92290893 997 $aUNISA